THE CRAFT HOW THE FREEMASON MADE THE MODERN WORLD (Record no. 216722)

MARC details
000 -LEADER
fixed length control field 00506nam a22001697a 4500
008 - FIXED-LENGTH DATA ELEMENTS--GENERAL INFORMATION
fixed length control field 260227b |||||||| |||| 00| 0 eng d
020 ## - INTERNATIONAL STANDARD BOOK NUMBER
International Standard Book Number 978-1-473-65822-6
050 ## - LIBRARY OF CONGRESS CALL NUMBER
Classification number HS 395 .D53 2021
Item number 1
100 ## - MAIN ENTRY--PERSONAL NAME
Personal name DICKIE,JOHN
245 ## - TITLE STATEMENT
Title THE CRAFT HOW THE FREEMASON MADE THE MODERN WORLD
260 ## - PUBLICATION, DISTRIBUTION, ETC.
Place of publication, distribution, etc. BRITAIN,
Name of publisher, distributor, etc. HODDER,
Date of publication, distribution, etc. 2021.
300 ## - PHYSICAL DESCRIPTION
Extent 487P,ILL;
500 ## - GENERAL NOTE
General note INCLUDES BIBLOGRAPHIC REFERENCES INDEX
650 ## - SUBJECT ADDED ENTRY
Topical term or geographic name entry element HOW THE FREEMASONS MADE THE MODERN WORLD
942 ## - ADDED ENTRY ELEMENTS (KOHA)
Source of classification or shelving scheme Library of Congress Classification
Koha item type Long Loan Book
Holdings
Withdrawn status Lost status Source of classification or shelving scheme Damaged status Not for loan Collection Home library Current library Shelving location Date acquired Inventory number Total checkouts Full call number Barcode Date last seen Copy number Price effective from Koha item type
    Library of Congress Classification     Arts & Social Sciences Kisii University Library Kisii University Library On Display 02/27/2026 111003   HS 395 .D53 2021 A000466 02/27/2026 1 02/27/2026 Long Loan Book
    Library of Congress Classification     Arts & Social Sciences Kisii University Library Kisii University Library On Display 02/27/2026 111004   HS 395 .D53 2021 A001247 02/27/2026 2 02/27/2026 Long Loan Book
    Library of Congress Classification     Arts & Social Sciences Kisii University Library Kisii University Library On Display 02/27/2026 111005   HS 395 .D53 2021 50207 02/27/2026 3 02/27/2026 Long Loan Book
    Library of Congress Classification     Arts & Social Sciences Kisii University Library Kisii University Library On Display 02/27/2026 111006   HS 395 .D53 2021 50179 02/27/2026 4 02/27/2026 Long Loan Book
    Library of Congress Classification     Arts & Social Sciences Kisii University Library Kisii University Library On Display 02/27/2026 111007   HS 395 .D53 2021 50136 02/27/2026 5 02/27/2026 Long Loan Book